Manual de lombricultura (Registro nro. 737)

Detalles MARC
000 -CABECERA
Campo de control 00541nam a2200157 a 4500
005 - FECHA Y HORA DE LA ULTIMA TRANSACCION
Campo de control 20140221160205.0
008 - ELEMENTOS DE LONGITUD FIJA—INFORMACION GENERAL
Campo de control 140221b1993 sp ||||| |||| 00| 0 spa d
041 ## - IDIOMA
Código de idioma para texto/pista de sonido o título separado Español
044 ## - PAÍS DE PUBLICACIÓN
País de publicación España
090 ## - CLASIFICACIÓN LOCAL
Colección LB
Consecutivo 00722
100 ## - ASIENTO PRINCIPAL--NOMBRE PERSONAL
Nombre personal Ferruzzi, Carlo
245 ## - MENCION DE TITULO
Título Manual de lombricultura
Parte restante del título la lombriz rojo, las lombrices silvestres o comunes, la lombriz domestica criadero familiar, criadero industrial, organización, alimentación comercialización
260 ## - PUBLICACION, DISTRIBUCION, ETC. (PIE DE IMPRENTA)
Lugar de publicación, distribución, etc. Madrid
Nombre del editor, distribuidor, etc. Ediciones Mundi-prensa
Fecha de publicación, distribución, etc. 1987
300 ## - DESCRIPCION FISICA
Extensión 138 p.
942 ## - ELEMENTOS ADICIONALES (KOHA)
Tipo de ítem Impreso
Sistema de clasificación Local
Existencias
Withdrawn status Lost status Sistema de Clasificación Damaged status No para préstamo Colección Inventariado Ubicación Permanente Ubicación actual Fecha de adquisición Fuente de Valor Total Checkouts Número topográfico Inventario / Código de Barras Date last seen Ejemplar Price effective from Forma de adquisición Tipo de material
    Local     Entomología Inventariado 2017 Villa de Leyva Villa de Leyva 07/10/1998 Casa del Libro   LB-00722 022965 23/10/2017 Ej. 1 04/12/2012   Libro